<?xml version="1.0" encoding="UTF-8"?>
<record
    xmlns:xsi="http://www.w3.org/2001/XMLSchema-instance"
    xsi:schemaLocation="http://www.loc.gov/MARC21/slim http://www.loc.gov/standards/marcxml/schema/MARC21slim.xsd"
    xmlns="http://www.loc.gov/MARC21/slim">

  <leader>00541nam a22001577a 4500</leader>
  <datafield tag="999" ind1=" " ind2=" ">
    <subfield code="c">121618</subfield>
    <subfield code="d">121618</subfield>
  </datafield>
  <controlfield tag="005">20210312103145.0</controlfield>
  <controlfield tag="008">210312b           ||||| |||| 00| 0 eng d</controlfield>
  <datafield tag="040" ind1=" " ind2=" ">
    <subfield code="c">PK-LaUMT</subfield>
  </datafield>
  <datafield tag="082" ind1=" " ind2=" ">
    <subfield code="a">RHC 891.4398</subfield>
    <subfield code="b">SAK-J</subfield>
  </datafield>
  <datafield tag="100" ind1=" " ind2=" ">
    <subfield code="a">Sakandar Hayat Mecan =  &#x633;&#x6A9;&#x646;&#x62F;&#x631; &#x62D;&#x6CC;&#x627;&#x62A; &#x645;&#x6CC;&#x6A9;&#x646;</subfield>
  </datafield>
  <datafield tag="245" ind1=" " ind2=" ">
    <subfield code="a">Jamiaat tahqeeq =  &#x62C;&#x627;&#x645;&#x639;&#x627;&#x62A;&#x6CC; &#x62A;&#x62D;&#x642;&#x6CC;&#x642; :</subfield>
    <subfield code="b">&#x686;&#x646;&#x62F; &#x627;&#x6C1;&#x645; &#x632;&#x627;&#x648;&#x6CC;&#x6D2;  /</subfield>
    <subfield code="c">by Sakandar Hayat Mecan =  &#x633;&#x6A9;&#x646;&#x62F;&#x631; &#x62D;&#x6CC;&#x627;&#x62A; &#x645;&#x6CC;&#x6A9;&#x646;</subfield>
  </datafield>
  <datafield tag="260" ind1=" " ind2=" ">
    <subfield code="a">Lahore :</subfield>
    <subfield code="b">Maqbool Academy,</subfield>
    <subfield code="c">2017</subfield>
  </datafield>
  <datafield tag="300" ind1=" " ind2=" ">
    <subfield code="a">224 p.</subfield>
  </datafield>
  <datafield tag="650" ind1=" " ind2=" ">
    <subfield code="a">Urdu literature</subfield>
  </datafield>
  <datafield tag="942" ind1=" " ind2=" ">
    <subfield code="c">BK</subfield>
  </datafield>
  <datafield tag="952" ind1=" " ind2=" ">
    <subfield code="0">0</subfield>
    <subfield code="1">0</subfield>
    <subfield code="4">0</subfield>
    <subfield code="7">0</subfield>
    <subfield code="a">01</subfield>
    <subfield code="b">01</subfield>
    <subfield code="d">2021-03-12</subfield>
    <subfield code="l">0</subfield>
    <subfield code="o">RHC 891.4398 SAK-J</subfield>
    <subfield code="p">136735</subfield>
    <subfield code="r">2021-03-12 00:00:00</subfield>
    <subfield code="w">2021-03-12</subfield>
    <subfield code="y">BK</subfield>
  </datafield>
</record>
